| LEADER | 00706nam a2200253 4500 | ||
|---|---|---|---|
| 001 | DLU060050384 | ||
| 040 | # | # | |a DLU |b vie |
| 041 | # | # | |a vie |
| 044 | # | # | |a vn |
| 100 | # | # | |a Võ Tấn Phong |
| 245 | # | # | |a Ngành xăng dầu Việt Nam năm 2001 và những vấn đề đang đặt ra / |c Võ Tấn Phong |
| 653 | # | # | |a Xăng dầu |
| 773 | # | # | |t Phát triển kinh tế |g Số 136, 2002, tr.23-25 |
| 920 | # | # | |a Phòng Tạp chí -- Trung tâm Thông tin - Thư viện Trường Đại học Đà Lạt |
| 933 | # | # | |a KT |
| 994 | # | # | |a DLU |
| 900 | # | # | |a True |
| 911 | # | # | |a Nguyễn Thị Yên |
| 925 | # | # | |a G |
| 926 | # | # | |a A |
| 927 | # | # | |a BB |
| 980 | # | # | |a Thư viện Trường Đại học Đà Lạt |